Statistics for Baseball Last Names

Click here to take the quiz!

General Stats

  • This quiz has been taken 8,143 times
  • The average score is 17 of 22

Answer Stats

First Names Last Name % Correct
Reggie, Bo, JoeJackson
95%
Ivan, Alex, FranciscoRodriguez
93%
Brooks, Frank, JackieRobinson
93%
Chipper, AndruwJones
92%
Cecil, PrinceFielder
90%
Miguel, Melky, AsdrubalCabrera
89%
Walter, Randy, HowardJohnson
87%
Pedro, Edgar, TinoMartinez
87%
Bobby, BarryBonds
87%
Manny, Aramis, HanleyRamirez
86%
Cal, BillyRipken
85%
Ozzie, LeeSmith
81%
Ted, Matt, BillyWilliams
80%
Catfish, ToriiHunter
80%
Felix, Keith, LivanHernandez
79%
Felipe, Moises, MattyAlou
68%
Bob, Josh, KirkGibson
64%
Roberto, SandyAlomar
63%
Juan, Adrian, LuisGonzalez
63%
Hack, WillieWilson
42%
George, Cool Papa, BuddyBell
40%
Dizzy, MikeTrout
34%

Score Distribution

Percentile by Number Answered

Percent of People with Each Score

Your Score History

You have not taken this quiz